Jinken no rekishi : dōwa kyōiku shiryō /

Saved in:
Bibliographic Details
Corporate Author: Hyōgo-ken Burakushi Kenkyū Iinkai.
Format: Book
Language:Japanese
Published: Kōbe-shi : Hyōgo-ken Dōwa Kyōiku Kyōgikai, Shōwa 47-48 [1972-1973]
Subjects:
Tags: Add Tag
No Tags, Be the first to tag this record!
LEADER 01018nam a2200241ua 4500
001 007739943-9
005 20110615142740.0
008 900606s1973 ja a 000 0 jpn d
035 0 |a ocm22803405 
040 |a CSt  |c CSt  |d *YNH*  |d CStRLIN 
043 |a a-ja--- 
245 0 0 |6 880-01  |a Jinken no rekishi :  |b dōwa kyōiku shiryō /  |c [hensha Hyōgo-ken Burakushi Kenkyū Iinkai]. 
260 |6 880-02  |a Kōbe-shi :  |b Hyōgo-ken Dōwa Kyōiku Kyōgikai,  |c Shōwa 47-48 [1972-1973] 
300 |a 2 v. :  |b ill. ;  |c 21 cm. 
650 0 |a Civil rights  |z Japan  |x Hisory. 
650 0 |a Discrimination  |z Japan  |z Hyōgo-ken  |x History. 
650 0 |a Buraku people  |z Japan  |z Hyōgo-ken  |x History  |x Sources. 
710 2 |6 880-03  |a Hyōgo-ken Burakushi Kenkyū Iinkai. 
880 0 0 |6 245-01  |a 人権の歴史 :  |b 同和教育資料/  |c [編者兵庫県部落史研究委員会]. 
880 |6 260-02  |a 神戶市:  |b 兵庫県同和教育協議会,  |c 昭和47-48 [1972-1973] 
880 2 |6 710-03  |a 兵庫県部落史研究委員会. 
988 |a 20021214 
906 |0 OCLC